Paul Schrader Filmography - Statistics

General Stats
  • This quiz has been taken 19 times
  • The average score is 33 of 69
Answer Stats
Type Year Name % Correct
Film Screenplay 1976 Taxi Driver
100%
Film Director 1980 American Gigolo
93%
Film Screenplay 1980 American Gigolo
93%
Film Director 2017 First Reformed
93%
Film Screenplay 2017 First Reformed
93%
Film Director 1985 Mishima: A Life in Four Chapters
86%
Film Screenplay 1985 Mishima: A Life in Four Chapters
86%
Film Director 2024 Oh Canada
86%
Film Screenplay 2024 Oh Canada
86%
Film Director 1982 Cat People
79%
Film Screenplay 1982 Cat People
79%
Film Director 2022 Master Gardener
79%
Film Screenplay 2022 Master Gardener
79%
Film Director 2021 The Card Counter
79%
Film Screenplay 2021 The Card Counter
79%
Film Screenplay 1988 The Last Temptation of Christ
79%
Film Director 1978 Blue Collar
64%
Film Screenplay 1978 Blue Collar
64%
Film Screenplay 1999 Bringing Out the Dead
64%
Film Director 1979 Hardcore
64%
Film Screenplay 1979 Hardcore
64%
Film Screenplay 1980 Raging Bull
64%
Film Director 1997 Affliction
57%
Film Screenplay 1997 Affliction
57%
Film Director 2016 Dog Eat Dog
57%
Film Cameo 2016 Dog Eat Dog
57%
Film Director 1992 Light Sleeper
57%
Film Screenplay 1992 Light Sleeper
57%
Film Director 2013 The Canyons
57%
Film Screenplay 1974 The Yakuza
57%
Film Screenplay 1977 Rolling Thunder
50%
Film Story 1977 Rolling Thunder
50%
Film Director 2002 Auto Focus
43%
Film Director 2017 Dark
43%
Film Screenplay 2017 Dark
43%
Film Director 2005 Dominion: Prequel to the Exorcist
43%
Film Director 2014 Dying of the Light
43%
Film Screenplay 2014 Dying of the Light
43%
Film Director 1988 Patty Hearst
43%
Film Director 2008 Adam Resurrected
36%
Film Director 1987 Light of Day
36%
Film Screenplay 1987 Light of Day
36%
Film Screenplay 1979 Old Boyfriends
36%
Film Production 1979 Old Boyfriends
36%
Film Director 1990 The Comfort of Strangers
36%
Film Screenplay 1986 The Mosquito Coast
36%
Film Director 1997 Touch
36%
Film Screenplay 1997 Touch
36%
TV Film Director 1994 Witch Hunt
36%
Film Screenplay 1996 City Hall
29%
Film Director 1999 Forever Mine
29%
Film Screenplay 1999 Forever Mine
29%
Film Screenplay 1976 Obsession
29%
Film Story 1976 Obsession
29%
Film Screenplay 2022 There Are No Saints
29%
Film Production 2022 There Are No Saints
29%
Film Director 2007 The Walker
29%
Film Screenplay 2007 The Walker
29%
Film Screenplay TBA Non Compos Mentis
21%
Music Video Director 1985 Tight Connection to My Heart - Has Anybody Seen My Love
21%
Short Documentary Director 1995 Untitled: New Blue
21%
Short Documentary Appearance 1995 Untitled: New Blue
21%
Short Documentary Appearance 2020 Paul Schrader: Man in a Room
14%
Documentary Series Appearance 1990 American Masters
7%
Documentary Mini-Series Appearance 2011 The Story of Film: An Odyssey
7%
Documentary Series Appearance 1995 American Cinema
0%
Short Documentary Appearance 2005 Pickpocket: Paul Schrader Introduction
0%
Playwright 1995 The Cleopatra Club
0%
Documentary Series Appearance 2022 The Last Movie Stars
0%
No matching quizzes found
Score Distribution
Percent of People with Each Score
Percentile by Number Answered
Your Score History
You have not taken this quiz